[Event "Vilnius op-A"]
[Site "Vilnius"]
[Date "2025.07.13"]
[Round "9"]
[White "Kontrimaite, Agota"]
[Black "Ledas, Armandas"]
[Result "0-1"]
[WhiteElo "1648"]
[BlackElo "1967"]
[PlyCount "110"]
[EventDate "2025.07.07"]
[EventType "swiss"]
[EventRounds "9"]
[EventCountry "LTU"]
[SourceTitle "CB29_2025"]
[SourceDate "2025.07.16"]
[SourceVersion "1"]
[SourceVersionDate "2025.07.16"]
[SourceQuality "1"]

1. e4 c5 2. Nf3 Nc6 3. d4 cxd4 4. Nxd4 g6 5. Nc3 Bg7 6. Be3 Nf6 7. Bc4 0-0 8. Bb3 Re8 9. f3 e6 10. Qd2 d5 11. exd5 Nxd5 12. Nxd5 Nxd4 13. Nc3 e5 14. 0-0-0 Qa5 15. Bxd4 exd4 16. Ne4 Qxd2+ 17. Nxd2 Bd7 18. Rde1 Bh6 19. Kd1 Be3 20. Ne4 Rxe4 21. fxe4 Bg4+ 22. Re2 Re8 23. Bd5 Rc8 24. h3 Bxe2+ 25. Kxe2 Rxc2+ 26. Kd3 Rxb2 27. e5 Rd2+ 28. Ke4 Bf2 29. Rc1 Re2+ 30. Kf3 Rxe5 31. Bxb7 Be3 32. Rc8+ Kg7 33. Rd8 Re7 34. Ba6 f5 35. a4 g5 36. Bd3 f4 37. Rd5 h6 38. a5 Bg1 39. Be4 Rc7 40. a6 Kf6 41. Bd3 Ke6 42. Rb5 Kd6 43. Rf5 Rc3 44. Ke2 Rb3 45. Rb5 Ra3 46. Rb7 Ra2+ 47. Ke1 Rxg2 48. Rxa7 Rg3 49. Ke2 f3+ 50. Kd1 f2 51. Bf1 Re3 52. Rh7 Re1+ 53. Kd2 Rxf1 54. Rxh6+ Ke7 55. Rh8 Ra1 0-1

[Event "Vilnius op-A"]
[Site "Vilnius"]
[Date "2025.07.09"]
[Round "4"]
[White "Ledas, Armandas"]
[Black "Sukyte, Kotryna"]
[Result "1-0"]
[WhiteElo "1967"]
[BlackElo "1879"]
[PlyCount "85"]
[EventDate "2025.07.07"]
[EventType "swiss"]
[EventRounds "9"]
[EventCountry "LTU"]
[SourceTitle "CB29_2025"]
[SourceDate "2025.07.16"]
[SourceVersion "1"]
[SourceVersionDate "2025.07.16"]
[SourceQuality "1"]

1. e4 c5 2. Nc3 g6 3. d4 cxd4 4. Qxd4 Nf6 5. Nf3 Nc6 6. Qa4 d6 7. e5 dxe5 8. Nxe5 Bd7 9. Nxd7 Qxd7 10. Be3 Bg7 11. Rd1 Qc8 12. Be2 0-0 13. 0-0 a6 14. Qh4 Qc7 15. Na4 Nd7 16. Rxd7 Qxd7 17. Nb6 Qc7 18. Nxa8 Rxa8 19. c3 Rd8 20. Rd1 Rxd1+ 21. Bxd1 Qd6 22. Be2 Bf6 23. Qg4 Qd8 24. Qe4 Qd7 25. g3 Kg7 26. Kg2 Qc7 27. Qd5 e6 28. Qe4 Ne7 29. Qc4 Qd7 30. Bf3 Nf5 31. Bb6 Nd6 32. Qc7 Qxc7 33. Bxc7 Be7 34. a4 b5 35. a5 Kf8 36. Bc6 Nc4 37. b4 Bf6 38. Bxb5 Na3 39. Bd6+ Kg7 40. Bxa6 Bxc3 41. Bd3 e5 42. a6 Bd4 43. Bxe5+ 1-0

[Event "Vilnius op-A"]
[Site "Vilnius"]
[Date "2025.07.08"]
[Round "3"]
[White "Gavenavicius, Karolis"]
[Black "Ledas, Armandas"]
[Result "1-0"]
[WhiteElo "2094"]
[BlackElo "1967"]
[PlyCount "149"]
[EventDate "2025.07.07"]
[EventType "swiss"]
[EventRounds "9"]
[EventCountry "LTU"]
[SourceTitle "CB29_2025"]
[SourceDate "2025.07.16"]
[SourceVersion "1"]
[SourceVersionDate "2025.07.16"]
[SourceQuality "1"]

1. d4 Nf6 2. c4 g6 3. Nc3 Bg7 4. e4 d6 5. Be2 0-0 6. Be3 Nbd7 7. Nf3 e5 8. d5 Qe7 9. Nd2 c6 10. Qc2 cxd5 11. cxd5 a6 12. 0-0 Ne8 13. Bd3 f6 14. b4 Qf7 15. f4 Bh6 16. Nc4 exf4 17. Bxf4 Bxf4 18. Rxf4 b5 19. Na5 Ne5 20. a4 Qa7+ 21. Rf2 Ng4 22. axb5 f5 23. e5 dxe5 24. Nc6 Qb6 25. bxa6 e4 26. Bf1 e3 27. Re2 Bxa6 28. b5 Qc7 29. g3 f4 30. d6 Qxd6 31. Ne4 Qc7 32. Qc4+ Kh8 33. bxa6 f3 34. Rc2 e2 35. Bxe2 fxe2 36. Rxe2 Nef6 37. Nxf6 Rxf6 38. Qxg4 Rxc6 39. Qd4+ Qg7 40. Qxg7+ Kxg7 41. a7 Rc7 42. Rea2 Rf7 43. Ra6 h6 44. Kg2 Kh7 45. R1a2 Kg7 46. Kh3 h5 47. Kh4 Kh6 48. R2a5 Rf2 49. Rxh5+ Kg7 50. Rg5 Rxh2+ 51. Kg4 Rf2 52. Raxg6+ Kf7 53. Rg7+ Kf6 54. R5g6+ Ke5 55. Re7+ Kd5 56. Kg5 Rf3 57. g4 Ra3 58. Rd7+ Ke4 59. Rgg7 Ra5+ 60. Kh6 Kf4 61. Rdf7+ Kg3 62. g5 Kh3 63. Rf4 Rh8+ 64. Kg6 Ra6+ 65. Rf6 Ra5 66. Rh7+ Rxh7 67. Kxh7 Rxa7+ 68. Kh6 Ra4 69. g6 Rh4+ 70. Kg7 Kg4 71. Kf7 Kg5 72. g7 Rh7 73. Rf1 Rh1 74. g8R+ Kh6 75. Rxh1# 1-0

[Event "LTU-ch Amateurs"]
[Site "Kaunas"]
[Date "2024.10.29"]
[Round "7"]
[White "Bondar, Martynas"]
[Black "Ledas, Armandas"]
[Result "1-0"]
[WhiteElo "1840"]
[BlackElo "1849"]
[PlyCount "101"]
[EventDate "2024.10.26"]
[EventType "swiss"]
[EventRounds "7"]
[EventCountry "LTU"]
[SourceTitle "CB44_2024"]
[Source "Chessbase"]
[SourceDate "2024.10.30"]
[SourceVersion "1"]
[SourceVersionDate "2024.10.30"]
[SourceQuality "1"]

1. d4 Nf6 2. c4 g6 3. Nc3 Bg7 4. e4 d6 5. h3 0-0 6. Be3 Nbd7 7. Nf3 e5 8. d5 Ne8 9. g4 h6 10. Qd2 Kh7 11. 0-0-0 c6 12. Kb1 cxd5 13. cxd5 a6 14. Bd3 Rh8 15. g5 h5 16. Rdf1 Nc5 17. Ne1 b5 18. f4 exf4 19. Rxf4 Rf8 20. Bc2 Rb8 21. Ne2 b4 22. Nd4 b3 23. Nxb3 a5 24. Bd4 Nxb3 25. Bxb3 Bxd4 26. Qxd4 Qxg5 27. Qe3 Qe7 28. Nf3 Qb7 29. Rh2 f6 30. Nd4 Qf7 31. Nc6 Ra8 32. Rhf2 a4 33. Bc4 f5 34. h4 Nf6 35. Qd4 Ng4 36. Rf1 Qg7 37. Bd3 Ne5 38. Bc2 Ba6 39. R1f2 fxe4 40. Qxe4 Rxf4 41. Rxf4 a3 42. Nxe5 dxe5 43. Rf3 Bc8 44. d6 Bb7 45. Qxg6+ Qxg6 46. Rf7+ Kg8 47. Bxg6 Be4+ 48. Bxe4 Kxf7 49. Bxa8 Ke6 50. bxa3 Kxd6 51. Bf3 1-0

[Event "Maia op"]
[Site "Maia"]
[Date "2024.08.26"]
[Round "4"]
[White "Honkoop, Gilian"]
[Black "Ledas, Armandas"]
[Result "1-0"]
[WhiteElo "2189"]
[BlackElo "1869"]
[PlyCount "78"]
[EventDate "2024.08.23"]
[EventType "swiss"]
[EventRounds "9"]
[EventCountry "POR"]
[SourceTitle "CBM 221 Extra"]
[Source "ChessBase"]
[SourceDate "2024.09.30"]
[SourceVersion "1"]
[SourceVersionDate "2024.09.30"]
[SourceQuality "1"]

1. d4 Nf6 2. c4 g6 3. Nc3 Bg7 4. e4 d6 5. h3 0-0 6. Be3 Nbd7 7. Nf3 e5 8. d5 Qe7 9. g4 c5 10. Be2 Kh8 11. Qc2 Ng8 12. 0-0-0 b5 13. Nxb5 Nb6 14. Nc3 Bd7 15. Rdg1 Rfb8 16. h4 h6 17. g5 h5 18. Nd2 Qe8 19. b3 Rb7 20. Nf1 f5 21. gxf6 Nxf6 22. Rg3 Nc8 23. Rhg1 Ne7 24. Bg5 Rab8 25. Bd1 Qd8 26. Qd2 Kh7 27. Nh2 Be8 28. Nf3 Neg8 29. Be3 Qe7 30. Ng5+ Kh8 31. Ne6 a5 32. Bg5 a4 33. bxa4 Nxe4 34. Bxe7 Nxd2 35. Bxd6 Bh6 36. Bxe5+ Nf6 37. Bxf6+ Kh7 38. Bg5 Nxc4 39. Bxh6 Kxh6 1-0

[Event "Maia op"]
[Site "Maia"]
[Date "2024.08.23"]
[Round "1"]
[White "Ledas, Armandas"]
[Black "Roberts, Tallulah"]
[Result "1-0"]
[WhiteElo "1869"]
[BlackElo "1665"]
[PlyCount "71"]
[EventDate "2024.08.23"]
[EventType "swiss"]
[EventRounds "9"]
[EventCountry "POR"]
[SourceTitle "CBM 221 Extra"]
[Source "ChessBase"]
[SourceDate "2024.09.30"]
[SourceVersion "1"]
[SourceVersionDate "2024.09.30"]
[SourceQuality "1"]

1. e4 e6 2. d4 d5 3. Bd3 dxe4 4. Bxe4 Nf6 5. Bf3 Bd6 6. Ne2 Nbd7 7. 0-0 0-0 8. Nbc3 e5 9. Bg5 h6 10. Bh4 Re8 11. Bd5 g5 12. Bg3 Nxd5 13. Nxd5 c6 14. Ne3 Qf6 15. dxe5 Nxe5 16. Nc3 Bf8 17. Ne4 Qg6 18. Nd2 Bc5 19. Ndc4 Nxc4 20. Nxc4 Bf5 21. Ne5 Qg7 22. Re1 Rad8 23. Qf3 Be6 24. Nd3 Bd5 25. Qf5 Bb6 26. Rxe8+ Rxe8 27. Be5 Qh7 28. Qd7 Rd8 29. Qh3 Re8 30. Re1 Qg6 31. Qd7 Rd8 32. Qxb7 c5 33. Qe7 c4 34. Bd4 Ba5 35. Qxd8+ Bxd8 36. Re8+ 1-0

[Event "Vilnius Summer op-B"]
[Site "Vilnius"]
[Date "2024.08.04"]
[Round "7"]
[White "Ledas, Armandas"]
[Black "Ribinskas, Gediminas"]
[Result "1-0"]
[WhiteElo "1869"]
[BlackElo "1651"]
[PlyCount "116"]
[EventDate "2024.08.01"]
[EventType "swiss"]
[EventRounds "7"]
[EventCountry "LTU"]
[SourceTitle "EXT 2025"]
[Source "ChessBase"]
[SourceDate "2024.10.14"]
[SourceVersion "1"]
[SourceVersionDate "2024.10.14"]
[SourceQuality "1"]

1. e4 e5 2. Nf3 Nc6 3. d4 exd4 4. Nxd4 Bc5 5. Nb3 Bb6 6. Nc3 d6 7. Qe2 Nf6 8. Be3 Be6 9. 0-0-0 Qe7 10. g3 0-0-0 11. Bg2 Bxb3 12. axb3 Rhe8 13. Rhe1 Bxe3+ 14. Qxe3 Nd7 15. Qd2 Nb6 16. f4 Qf8 17. Qf2 Kb8 18. Nd5 Ne7 19. Qd4 Nexd5 20. exd5 g6 21. Kd2 Rxe1 22. Rxe1 Re8 23. Rxe8+ Qxe8 24. Qe3 Qxe3+ 25. Kxe3 f5 26. Kd4 Kc8 27. b4 Kd7 28. c4 Nc8 29. Bf3 h5 30. h3 Ne7 31. Bd1 Ng8 32. Ba4+ Ke7 33. c5 Nf6 34. Bc2 Kd7 35. Kc4 h4 36. g4 fxg4 37. hxg4 h3 38. Bd1 Ne4 39. Kd4 h2 40. Bf3 Nf2 41. Ke3 Nd1+ 42. Kd2 Nxb2 43. Kc3 Nd1+ 44. Kd2 Nf2 45. Ke3 h1Q 46. Bxh1 Nxh1 47. Kf3 Ke7 48. g5 b6 49. cxb6 cxb6 50. b5 Kf7 51. Kg2 Kg7 52. Kxh1 Kf7 53. Kg2 Kg7 54. Kf3 Kf7 55. Ke4 Ke8 56. f5 Kf7 57. fxg6+ Kxg6 58. Kf4 Kg7 1-0

[Event "Vilnius Summer op-B"]
[Site "Vilnius"]
[Date "2024.08.03"]
[Round "5"]
[White "Ledas, Armandas"]
[Black "Zvirblis, Andrius"]
[Result "0-1"]
[WhiteElo "1869"]
[BlackElo "1995"]
[PlyCount "104"]
[EventDate "2024.08.01"]
[EventType "swiss"]
[EventRounds "7"]
[EventCountry "LTU"]
[SourceTitle "EXT 2025"]
[Source "ChessBase"]
[SourceDate "2024.10.14"]
[SourceVersion "1"]
[SourceVersionDate "2024.10.14"]
[SourceQuality "1"]

1. e4 c6 2. d4 d5 3. exd5 cxd5 4. Bd3 Nc6 5. c3 Nf6 6. Bf4 g6 7. Nf3 Bg7 8. Nbd2 0-0 9. 0-0 Bf5 10. Ne5 Bxd3 11. Nxd3 h6 12. Qe2 Nh5 13. Be3 Qc7 14. f4 e6 15. Nf3 Nf6 16. Nfe5 Ne4 17. Rf3 Kh7 18. Rh3 Ne7 19. g4 f6 20. Nf3 Kg8 21. Rf1 Qc8 22. Qg2 Qc4 23. Rd1 Qxa2 24. g5 Qa4 25. Re1 fxg5 26. Nfe5 Rf5 27. fxg5 h5 28. Rf3 Raf8 29. h4 Kh7 30. Qf1 Qa6 31. Ra1 Rxf3 32. Nxf3 Rxf3 33. Rxa6 Rxf1+ 34. Kxf1 bxa6 35. Nf4 Nf5 36. Bf2 Nxf2 37. Kxf2 Nxh4 38. Nxe6 Nf5 39. Nf4 Ne7 40. Ke3 Kg8 41. b3 Kf7 42. c4 dxc4 43. bxc4 Nf5+ 44. Ke4 Bxd4 45. Kd5 Be3 46. Nh3 a5 47. c5 a4 48. Kc4 Bxc5 49. Kc3 Be7 50. Kb2 Bc5 51. Kc3 Be3 52. Kb4 Ke6 0-1

[Event "Vilnius Summer op-B"]
[Site "Vilnius"]
[Date "2024.08.02"]
[Round "4"]
[White "Bogomolnikova, Zlata"]
[Black "Ledas, Armandas"]
[Result "0-1"]
[WhiteElo "1614"]
[BlackElo "1869"]
[PlyCount "66"]
[EventDate "2024.08.01"]
[EventType "swiss"]
[EventRounds "7"]
[EventCountry "LTU"]
[SourceTitle "EXT 2025"]
[Source "ChessBase"]
[SourceDate "2024.10.14"]
[SourceVersion "1"]
[SourceVersionDate "2024.10.14"]
[SourceQuality "1"]

1. d4 Nf6 2. c4 g6 3. Nc3 Bg7 4. e4 d6 5. Nf3 0-0 6. Be2 Nbd7 7. 0-0 e5 8. d5 Qe7 9. h3 c5 10. Bg5 h6 11. Be3 Ne8 12. Qd2 Kh7 13. Ne1 f5 14. f3 f4 15. Bf2 g5 16. Nd3 Ndf6 17. a3 h5 18. b4 b6 19. bxc5 bxc5 20. Rfb1 g4 21. fxg4 hxg4 22. hxg4 Rh8 23. Qd1 Kg6 24. Bf3 Kg5 25. g3 Nxg4 26. Qc1 Qf7 27. gxf4+ exf4 28. Bg3 Bd4+ 29. Nf2 Be3 30. Qc2 fxg3 31. e5 Qxf3 32. Nce4+ Kf4 33. exd6 Rh1# 0-1

[Event "Vilnius Summer op-B"]
[Site "Vilnius"]
[Date "2024.08.01"]
[Round "2"]
[White "Rudzinskaite, Ula"]
[Black "Ledas, Armandas"]
[Result "0-1"]
[WhiteElo "1677"]
[BlackElo "1869"]
[PlyCount "76"]
[EventDate "2024.08.01"]
[EventType "swiss"]
[EventRounds "7"]
[EventCountry "LTU"]
[SourceTitle "EXT 2025"]
[Source "ChessBase"]
[SourceDate "2024.10.14"]
[SourceVersion "1"]
[SourceVersionDate "2024.10.14"]
[SourceQuality "1"]

1. d4 Nf6 2. c4 g6 3. Nc3 Bg7 4. e4 d6 5. Nf3 0-0 6. Be2 Nbd7 7. Qc2 e5 8. d5 Qe7 9. 0-0 c5 10. a3 Kh8 11. b4 b6 12. bxc5 bxc5 13. Bd2 Ng8 14. Bd3 Bh6 15. g4 Bxd2 16. Qxd2 Ndf6 17. h3 h5 18. Kg2 Qd7 19. Rh1 Nxg4 20. Be2 N4h6 21. Rag1 f6 22. Kf1 Kh7 23. Rg3 Ne7 24. Nh4 Rg8 25. Ke1 Ba6 26. Rhg1 g5 27. Ng2 h4 28. Rf3 Raf8 29. Ne3 Ng6 30. Ng4 Nf4 31. Bf1 Nxg4 32. Rxg4 Rb8 33. Qc2 Rg7 34. Ne2 Qb7 35. Nxf4 Qb1+ 36. Kd2 Rb2 37. Bd3 gxf4 38. Rxh4+ Kg8 0-1

[Event "Queima das Fitas op"]
[Site "Coimbra"]
[Date "2024.04.27"]
[Round "5"]
[White "Monteiro, Paulo Alexandre G"]
[Black "Ledas, Armandas"]
[Result "1-0"]
[WhiteElo "2122"]
[BlackElo "1851"]
[PlyCount "115"]
[EventDate "2024.04.25"]
[EventType "swiss"]
[EventRounds "7"]
[EventCountry "POR"]
[SourceTitle "CBM 219 Extra"]
[Source "ChessBase"]
[SourceDate "2024.05.31"]
[SourceVersion "1"]
[SourceVersionDate "2024.05.31"]
[SourceQuality "1"]

1. d4 Nf6 2. c4 c5 3. d5 b5 4. cxb5 a6 5. bxa6 Bxa6 6. Nc3 d6 7. e4 Bxf1 8. Kxf1 g6 9. g3 Qc8 10. Kg2 Bg7 11. Nf3 0-0 12. Re1 Nfd7 13. Bf4 Qb7 14. Rb1 Na6 15. e5 dxe5 16. Nxe5 Nxe5 17. Bxe5 Rfd8 18. Bxg7 Kxg7 19. Qf3 Nb4 20. a3 Nxd5 21. Nxd5 Qxd5 22. Qxd5 Rxd5 23. Rxe7 c4 24. Rc7 Ra4 25. Re1 h5 26. Ree7 Rf5 27. Re4 Rb5 28. Rf4 c3 29. Rfxf7+ Kg8 30. bxc3 Rb6 31. Rfd7 Rb8 32. Rg7+ Kf8 33. Rxg6 Rxa3 34. Rh6 Kg8 35. Rxh5 Ra2 36. Rg5+ Kh8 37. Rf5 Rc2 38. Rff7 Rcb2 39. h4 R2b6 40. Rh7+ Kg8 41. h5 Rf6 42. Rcg7+ Kf8 43. Rh8+ Kxg7 44. Rxb8 Rc6 45. Rb3 Kh6 46. g4 Kg5 47. Kg3 Rd6 48. Rb5+ Kh6 49. f4 Rd3+ 50. Kh4 Rxc3 51. g5+ Kg7 52. Rb7+ Kg8 53. g6 Rc8 54. Kg5 Kh8 55. f5 Kg8 56. h6 Rf8 57. h7+ Kh8 58. g7+ 1-0

[Event "Queima das Fitas op"]
[Site "Coimbra"]
[Date "2024.04.26"]
[Round "3"]
[White "Simoes, Miguel Patricio"]
[Black "Ledas, Armandas"]
[Result "1-0"]
[WhiteElo "2084"]
[BlackElo "1851"]
[PlyCount "79"]
[EventDate "2024.04.25"]
[EventType "swiss"]
[EventRounds "7"]
[EventCountry "POR"]
[SourceTitle "CBM 219 Extra"]
[Source "ChessBase"]
[SourceDate "2024.05.31"]
[SourceVersion "1"]
[SourceVersionDate "2024.05.31"]
[SourceQuality "1"]

1. e4 c5 2. Nf3 Nc6 3. d4 cxd4 4. Nxd4 g6 5. Nc3 Bg7 6. Be3 Nf6 7. Bc4 0-0 8. Bb3 Re8 9. 0-0 d6 10. h3 a6 11. f4 Nd7 12. f5 Nce5 13. fxg6 hxg6 14. Nf3 Rf8 15. Ng5 Nf6 16. Qe1 Re8 17. Qh4 b5 18. Bd4 e6 19. Bxe5 dxe5 20. Rxf6 Qxf6 21. Rf1 Qe7 22. Qh7+ Kf8 23. Qxg6 Ra7 24. Kh2 Kg8 25. Rxf7 Qxf7 26. Nxf7 Rxf7 27. Ne2 Kf8 28. Ng3 Rf6 29. Qg5 Kf7 30. Nf5 Bf8 31. Qh5+ Rg6 32. Nh4 Bc5 33. Nxg6 Rd8 34. Nxe5+ Ke7 35. Nc6+ Kd7 36. Qxc5 Rg8 37. Ne5+ Kd8 38. Qd6+ Ke8 39. Bxe6 Rxg2+ 40. Kxg2 1-0